000
00494nam a2200145Ia 4500
008
100204s9999 xx 000 0 und d
082
_b
7739
100
_a
पाटील भा. ल.
245
_a
वस्ती वाढते आहे
260
_b
"पॉप्युलर प्रकाशन , मुंबई"
_c
1985 2
300
_a
341
630
_a
वस्ती वाढते आहे
730
_a
वस्ती वाढते आहे
942
_c
BOOK
999
_c
452175
_d
452172